00510nam a22001697a 4500003000400000008004100004082001600045100001900061245011500080260006800195300001000263502001700273650001700290650001100307650001100318650001100329OSt260430b |||||||| |||| 00| 0 eng d a634.6bS11B aSahay, Sanjay. aBearing Behaviour and Quality Characters of Some Litchi (Litchi chinensis Sonn.) Cultivars / cby Sanjay Sahay a.- Sabour, Bhagalpurb: Bihar Agricultural College, RAUc, 2001 a144p. bPh. D.d2001 aHorticulture aLitchi aThesis aPh. D.